000 00545nam a2200217Ia 4500
003 OSt
005 20220928145322.0
006 a|||||r|||| 00| 0
007 ta
008 220927b |||||||| |||| 00| 0 eng d
024 _a80130
037 _cTextual
040 _aSDCL
_cSDCL
_beng
041 _2eng
_aeng
082 _aO44,1:gx, K5
100 _aChoudhary Satya Dav
_9512579
245 0 _aEssays on Indian poetics
260 _c1965
942 _hO44,1:gx, K5
_cTEXL
_2CC
999 _c833178
_d833178